| 000 | 01388 a2200241 4500 | ||
|---|---|---|---|
| 020 | _a0673523985 | ||
| 020 | _a9780673523983 | ||
| 082 | 0 | 4 | _a346.7307 |
| 090 |
_c1007 _d1007 |
||
| 100 | 1 | _aRoszkowski, Mark E. | |
| 245 | 1 | 0 |
_aBusiness law : _bprinciples, cases, and policy / _cMark E. Roszkowski. |
| 250 | _a4 Sub ed. | ||
| 260 |
_a[S.l.] : _bPrentice Hall, _c1996. |
||
| 300 |
_a1046 p. ; _c26 cm. |
||
| 490 | 1 | _a4th edition. | |
| 500 | _aHardcover. | ||
| 520 | _aMark Roszkowski illustrates his discussion of complex subjects and legal principles with hypothetical examples and nearly 200 discussions of actual cases. The text explains not only the substance and background of legal rules, but also the rationale and policy behind them. This new edition covers many new topics to reflect changes in the law. Three new "viewpoint essays" at the end of text sections discuss ethical and public-policy issues from the viewpoint of leading scholars; and many new end-of-chapter discussion questions and problems have been added, based primarily on recently decided appellate court cases. | ||
| 700 | 1 | _aRoszkowski, Christie L. | |
| 830 | 0 | _a4th edition. | |
| 856 | 4 | 0 |
_3Amazon.com _uhttp://www.amazon.com/exec/obidos/ASIN/0673523985/chopaconline-20 |
| 856 | 4 | 0 |
_3Amazon customer reviews _uhttp://www.chopac.org/cgi-bin/tools/azrev.pl?q=0673523985 |
| 942 |
_aNBS _cBK _k346.7307 ROS |
||
| 999 |
_c343544 _d343544 |
||